000 00640nam a2200241Ia 4500
003 OSt
005 20220918191821.0
006 a|||||r|||| 00| 0
007 ta
008 220917b |||||||| |||| 00| 0 eng d
024 _a65,279
037 _cTextual
040 _aARTS
_cARTS
_beng
041 _2eng
_aeng
082 _aR1z7, K1
100 _aVan Orman Quine Willard
_977274
245 0 _aWord and Object
260 _aCambridge
_bMassachusetts Institute USA
_c1961
300 _avi, 184p.
_ccm.
650 _aPHILOSOPHY
942 _hR1z7, K1
_cTEXL
_2CC
999 _c191529
_d191529